Pražská mincovna : 1526-1856 : katalog mincí tolarového období ze sbírky Muzea hlavního města Prahy /

Main Author: Militký, Jiří, 1969-
Corporate Author: Muzeum hlavního města Prahy
Language: Czech
Published: Praha : Muzeum hlavního města Prahy :KANT, 2009
Subjects:
Physical Description: 184 s. : il. ; 28 cm
Language note: Anglické resumé
Book
Saved in:
LEADER 02408nam a2200589 a 4500
001 nkc20091931538
003 CZ PrNK
005 20091014095934.0
007 ta
008 090528s2009 xr a e c 000 0 cze
015 |a cnb001931538 
020 |a 978-80-85394-64-1  |q (Muzeum hl. m. Prahy :  |q brož.) 
020 |a 978-80-86970-97-4  |q (KANT :  |q brož.) 
035 |a (OCoLC)433005209 
040 |a OLA001  |b cze  |d BOA001  |d ABA001 
041 0 |a cze  |b eng 
043 |a e-xr---  |b e-xr-pg  |2 czenas 
045 |a n-w- 
072 7 |a 671  |x Předměty z drahých kovů  |2 Konspekt  |9 19 
080 |a 671.4  |2 MRF 
080 |a 671.41  |2 MRF 
080 |a 737:069.5  |2 MRF 
080 |a (437.311)  |2 MRF 
080 |a (083.824)  |2 MRF 
100 1 |a Militký, Jiří,  |d 1969-  |7 xx0023266  |4 aut 
245 1 0 |a Pražská mincovna :  |b 1526-1856 : katalog mincí tolarového období ze sbírky Muzea hlavního města Prahy /  |c Jiří Militký 
246 3 0 |a Pražská mincovna 1526-1856 
246 3 0 |a Katalog mincí tolarového období ze sbírky Muzea hlavního města Prahy 
260 |a Praha :  |b Muzeum hlavního města Prahy :  |b KANT,  |c 2009 
300 |a 184 s. :  |b il. ;  |c 28 cm 
500 |a Vydáno při příležitosti konání výstavy Pražská mincovna - peněžní vývoj v Čechách od 10. do 19. století, Muzeum hlavního města Prahy, 27. května - 23. srpna 2009 
504 |a Obsahuje bibliografii 
546 |a Anglické resumé 
648 4 |a 1526-1856 
648 7 |a 10.-19. století  |7 ch757129  |2 czenas 
650 0 7 |a mincovnictví  |7 ph122884  |z Česko  |y 10.-19. stol.  |2 czenas 
650 0 7 |a mince  |7 ph115319  |z Česko  |y 10.-19. stol.  |2 czenas 
650 0 7 |a numismatické sbírky  |7 ph123368  |z Česko  |2 czenas 
650 0 9 |a coinage  |z Czechia  |y 10th-19th centuries  |2 eczenas 
650 0 9 |a coins  |z Czechia  |y 10th-19th centuries  |2 eczenas 
650 0 9 |a numismatic collections  |z Czechia  |2 eczenas 
655 7 |a katalogy výstav  |7 fd132536  |2 czenas 
655 9 |a exhibition catalogs  |2 eczenas 
610 2 7 |a Muzeum hlavního města Prahy  |7 kn20010709064  |2 czenas 
651 7 |a Praha (Česko)  |7 ge118011  |2 czenas 
651 9 |a Prague (Czechia)  |2 eczenas 
710 2 |a Muzeum hlavního města Prahy  |7 kn20010709064 
910 2 |a BOA001  |b 4-1224.972 
990 |a BK 
995 |a 01 
991 |b 200907  |c NOV  |j 67/68 MIL 
996 6 |b 2610380818  |c 4-1224.972  |l MZK  |r Sklad / do 1 hodiny  |n 4  |p p.v.  |w 000943016  |u 000010  |a 1  |e BOA001  |j MZK50  |s P